|
|
|
|
| LEADER |
02306nam a2200577 i 4500 |
| 001 |
nkc20172908160 |
| 003 |
CZ PrNK |
| 005 |
20171023141005.0 |
| 007 |
ta |
| 008 |
170802s2017 xr a f 100 0 cze |
| 015 |
|
|
|a cnb002908160
|
| 020 |
|
|
|a 978-80-88195-02-3
|q (kroužková vazba)
|
| 035 |
|
|
|a (OCoLC)1003285574
|
| 040 |
|
|
|a ABA001
|b cze
|e rda
|
| 041 |
0 |
|
|a cze
|a eng
|a slo
|
| 072 |
|
7 |
|a 543
|x Analytická chemie
|2 Konspekt
|9 10
|
| 080 |
|
|
|a 543.067
|2 MRF
|
| 080 |
|
|
|a 543.42
|2 MRF
|
| 080 |
|
|
|a 543.54
|2 MRF
|
| 080 |
|
|
|a 502:543
|2 MRF
|
| 080 |
|
|
|a (062.534)
|2 MRF
|
| 080 |
|
|
|a (048.3)
|2 MRF
|
| 111 |
2 |
|
|a Speciační analýza (workshop)
|d (2017 :
|c Skalka, Hodonín, Česko)
|7 ko2017960165
|4 aut
|
| 245 |
1 |
0 |
|a Workshop Speciační analýza 2017 :
|b 22.-25. května 2017, Skalka u Ježova
|
| 246 |
3 |
0 |
|a Speciační analýza 2017
|
| 264 |
|
1 |
|a Brno :
|b Spektroskopická společnost Jana Marka Marci,
|c 2017
|
| 300 |
|
|
|a 45 listů :
|b ilustrace (některé barevné) ;
|c 30 cm
|
| 336 |
|
|
|a text
|b txt
|2 rdacontent
|
| 337 |
|
|
|a bez média
|b n
|2 rdamedia
|
| 338 |
|
|
|a svazek
|b nc
|2 rdacarrier
|
| 500 |
|
|
|a Nad názvem: Spektroskopická společnost Jana Marka Marci ve spolupráci s Ústavem chemie Přírodovědecké fakulty Masarykovy univerzity
|
| 546 |
|
|
|a Částečně anglický a slovenský text
|
| 650 |
0 |
7 |
|a speciační analýza
|7 ph634635
|2 czenas
|
| 650 |
0 |
7 |
|a spektroskopická analýza
|7 ph116233
|2 czenas
|
| 650 |
0 |
7 |
|a chromatografická analýza
|7 ph119208
|2 czenas
|
| 650 |
0 |
7 |
|a environmentální analytická chemie
|7 ph119951
|2 czenas
|
| 650 |
0 |
9 |
|a speciation analysis
|2 eczenas
|
| 650 |
0 |
9 |
|a spectroscopic analysis
|2 eczenas
|
| 650 |
0 |
9 |
|a chromatographic analysis
|2 eczenas
|
| 650 |
0 |
9 |
|a environmental analytical chemistry
|2 eczenas
|
| 655 |
|
7 |
|a sborníky konferencí
|7 fd133333
|2 czenas
|
| 655 |
|
7 |
|a abstrakta
|7 fd131780
|2 czenas
|
| 655 |
|
9 |
|a proceedings of conferences
|2 eczenas
|
| 655 |
|
9 |
|a abstracts
|2 eczenas
|
| 710 |
2 |
|
|a Spektroskopická společnost Jana Marka Marci
|7 ko2004231838
|4 orm
|4 isb
|
| 710 |
2 |
|
|a Masarykova univerzita.
|b Ústav chemie
|7 kn20091218005
|4 orm
|
| 910 |
2 |
|
|a BOA001
|b 4-1392.399
|
| 990 |
|
|
|a BK
|
| 995 |
|
|
|a 01
|
| 991 |
|
|
|b 201708
|c NOV
|
| 996 |
6 |
|
|b 2610714282
|c 4-1392.399
|l MZK
|r Sklad / do 1 hodiny
|n 2
|p p.v.
|w 001622224
|u 000010
|a 1
|e BOA001
|j MZK50
|s P
|